Las Cortes españolas / (Record no. 158248)

MARC details
000 -LEADER
campo de control de longitud fija 01085nam a22002655i 4500
001 - NÚMERO DE CONTROL
campo de control 158248
003 - IDENTIFICADOR DE NÚMERO DE CONTROL
campo de control ES-MaACL
005 - FECHA Y HORA DE LA ÚLTIMA TRANSACCIÓN
campo de control 20250812063127.0
008 - DATOS DE LONGITUD FIJA--INFORMACIÓN GENERAL
campo de control de longitud fija 940202m18501857sp | |||| 0|spa d
040 ## - FUENTE DE CATALOGACIÓN
Centro catalogador/agencia de origen AS
Lengua de catalogación spa
080 ## - NÚMERO DE LA CLASIFICACIÓN DECIMAL UNIVERSAL
Número de la Clasificación Decimal Universal 342.53(460)"1810/12"(093.2)
100 1# - ENTRADA PRINCIPAL--NOMBRE DE PERSONA
Nombre de persona Luque y Vicens, Antonio
Término indicativo de función/relación Autor
9 (RLIN) 222926
245 14 - MENCIÓN DEL TÍTULO
Título Las Cortes españolas /
Mención de responsabilidad, etc. por A. Luque y Vicens
260 ## - PUBLICACIÓN, DISTRIBUCIÓN, ETC.
Lugar de publicación, distribución, etc. Madrid :
Nombre del editor, distribuidor, etc. [s.n.],
Fecha de publicación, distribución, etc. 1850-1857
Fabricante (Est. Literario-Tipográfico de D. Saavedra y Compañía)
300 ## - DESCRIPCIÓN FÍSICA
Extensión 1 volumen (320 ; 320 ; 354 ; 330 páginas) ;
Dimensiones 21 cm
530 ## - NOTA DISPONIBLE DE FORMULARIO FÍSICO ADICIONAL
Nota de formato físico adicional disponible Disponible en formato digital
596 #1 - NOTA AL PIE DE IMPRENTA
NOTA AL PIE DE IMPRENTA A partir del tomo II, pie de imp.: Cuenca: [s.n.], 1857 (Imp. de Francisco Gómez)
597 ## - NOTA DE DESCRIPCIÓN FÍSICA
NOTA DE DESCRIPCIÓN FÍSICA 4 tomos en 1 volumen
610 14 - PUNTO DE ACCESO ADICIONAL DE MATERIA--NOMBRE DE ENTIDAD CORPORATIVA
Nombre de entidad corporativa o nombre de jurisdicción como elemento de entrada España.
Unidad subordinada Cortes de Cádiz-
Subdivisión de forma Actas parlamentarias
9 (RLIN) 241720
852 4# - LOCALIZACIÓN
Ubicación ES-MaACL
Ubicación en estantería Sala Valle Inclán
Número de control de estantería D-4149
Encuadernación Holandesa
856 4# - LOCALIZACIÓN Y ACCESO ELECTRÓNICOS
Identificador Uniforme de Recursos <a href="https://catalog.hathitrust.org/api/volumes/oclc/42758641.html">https://catalog.hathitrust.org/api/volumes/oclc/42758641.html</a>
Texto de enlace Versión en línea
Nota pública (HathiTrust Digital Library)
942 ## - ELEMENTOS DE ENTRADA SECUNDARIOS (KOHA)
Fuente del sistema de clasificación o colocación Clasificación decimal universal
Tipo de ítem Koha Libro impreso antiguo
Suprimir en OPAC No
Holdings
Estatus retirado Estado de pérdida Estado de daño No para préstamo Colección Biblioteca de origen Biblioteca actual Ubicación en estantería Fecha de adquisición Fuente de adquisición Total de préstamos Signatura topográfica completa Código de barras Visto por última vez Precio de reemplazo Tipo de ítem Koha
        Libros del s. XIX Biblioteca del Ateneo de Madrid Biblioteca del Ateneo de Madrid Sala Valle Inclán 17/01/2008     D-4149 901165623 23/02/2023 23/02/2023 Libro impreso antiguo